Peculiarities of detecting hidden corrosion in thick metals by transient IR thermography; Thermosense XXVIII,Orlando, Kissimmee, April 17, 2006
| Parent link: | Thermosense XXVIII,Orlando, Kissimmee, April 17, 2006.— 2006.— [11 p.] |
|---|---|
| Andre forfattere: | , , , |
| Summary: | Title screen The simple approach to estimating corrosion detection limits in thick metallic samples has been proposed by taking into account 3D heat diffusion phenomena for circle-like defects. Experimental data has been obtained for both flash and long heating of steel samples with the thickness up to 10 mm Режим доступа: по договору с организацией-держателем ресурса |
| Sprog: | engelsk |
| Udgivet: |
2006
|
| Fag: | |
| Online adgang: | http://proceedings.spiedigitallibrary.org/proceeding.aspx?articleid=1285026 |
| Format: | Electronisk Book Chapter |
| KOHA link: | https://koha.lib.tpu.ru/cgi-bin/koha/opac-detail.pl?biblionumber=637169 |
MARC
| LEADER | 00000naa0a2200000 4500 | ||
|---|---|---|---|
| 001 | 637169 | ||
| 005 | 20250920110220.0 | ||
| 035 | |a (RuTPU)RU\TPU\network\1266 | ||
| 090 | |a 637169 | ||
| 100 | |a 20140529d2006 k||y0rusy50 ba | ||
| 101 | 0 | |a eng | |
| 102 | |a US | ||
| 135 | |a drnn ---uucaa | ||
| 181 | 0 | |a i | |
| 182 | 0 | |a b | |
| 200 | 1 | |a Peculiarities of detecting hidden corrosion in thick metals by transient IR thermography |f E. Grinzato [et al.] | |
| 203 | |a Text |c electronic | ||
| 300 | |a Title screen | ||
| 320 | |a [Ref.: Р. 10-11 (10 tit.)] | ||
| 330 | |a The simple approach to estimating corrosion detection limits in thick metallic samples has been proposed by taking into account 3D heat diffusion phenomena for circle-like defects. Experimental data has been obtained for both flash and long heating of steel samples with the thickness up to 10 mm | ||
| 333 | |a Режим доступа: по договору с организацией-держателем ресурса | ||
| 463 | 1 | |t Thermosense XXVIII,Orlando, Kissimmee, April 17, 2006 |o Proc. SPIE 6205 |v [11 p.] |d 2006 | |
| 610 | 1 | |a электронный ресурс | |
| 610 | 1 | |a труды учёных ТПУ | |
| 610 | 1 | |a тепловой неразрушающий контроль | |
| 610 | 1 | |a thermal nondestructive testing | |
| 610 | 1 | |a infrared thermography | |
| 610 | 1 | |a инфракрасная термография | |
| 610 | 1 | |a corrosion | |
| 610 | 1 | |a коррозии | |
| 701 | 1 | |a Grinzato |b E. | |
| 701 | 1 | |a Bison |b P. G. | |
| 701 | 1 | |a Marinetti |b S. | |
| 701 | 1 | |a Vavilov |b V. P. |c Specialist in the field of dosimetry and methodology of nondestructive testing (NDT) |c Doctor of technical sciences (DSc), Professor of Tomsk Polytechnic University (TPU) |f 1949- |g Vladimir Platonovich |3 (RuTPU)RU\TPU\pers\32161 |9 16163 | |
| 801 | 2 | |a RU |b 63413507 |c 20140529 |g RCR | |
| 856 | 4 | |u http://proceedings.spiedigitallibrary.org/proceeding.aspx?articleid=1285026 | |
| 942 | |c CF | ||